000 00565nam a2200157Ia 4500
008 160316s1999 xxu||||| |||| 00| 0 eng d
082 _a320.800000
_bSTR
100 _a
245 _aStructure and operation of local and regional democracy : Romania
250 _a
260 _aStrasbourg
_bCouncil of Europe
_c1999
300 _a25p
_b
_c
365 _b
650 _a1.Legal - Institutional Frame Work - Local - Regional Authorities - Romania 2.Local - Regional - Self Government - Operation - Competency - Financial - Human Resources - Romania
700 _a
_a
999 _c17679
_d17679